000 01368cad a22002175a 4500
001 L146777
008 090225e20090212xxkd f s f000 0 eng d
035 _a(Sirsi) u146777
041 0 _aeng
110 1 _aUnited Kingdom
_bOffice of National Statistics
_92035
245 0 0 _aNew orders in the construction industry
_bDecember 2008
_h[electronic resource]
260 _c2009
490 _aONS Press Release
_v12 February 2009
520 _aReports on the orders for new constructions in Great Britain for December 2008. In the three months leading to December 2008, construction orders decreased by 9% compared with the previous quarter. Orders fell by 26% in the fourth quarter of 2008 compared to the fourth quarter of 2007. Orders in 2008 fell 16% compared to the amount of orders in 2007. Orders in the private housing sector declined by 57% in the quarter leading to December 2008 compared with the same period in 2007. Housing association orders were lower by 28% in the quarter leading to December 2008 compared with the same period in 2007.
590 _aKA
650 2 4 _aONS NEW CONSTRUCTION ORDERS
651 4 _aGreat Britain
_y1707-
690 _aBUILT ENVIRONMENT-CONSTRUCTION MARKET
856 4 0 _uhttps://www.ons.gov.uk/ons/publications/re-reference-tables.html?edition=tcm%3A77-171386
_zView the item free of charge at www.ons.gov.uk...
942 _n0
999 _c81288
_d81288